Fodor's Egypt, 1978 /

Saved in:

Main Author: Showker, Kay (Author)

Other Authors: Fodor, Eugene, 1905-1991., Fisher, Robert C., 1930-

Format: Book

Language: English

Published: [New York] : David Mckay Co., 1978.

Series: Fodor's modern guides.

Subjects:

Tags: Add Tag

No Tags, Be the first to tag this record!

Call Number: DT45 .S56 1978

LEADER 00716namaa2200241 4500
001 18904
003 OSt
005 20260318113721.0
008 130303s1978 nyua 000 0 eng d
040 |c ARCE Library 
043 |a f-ua--- 
050 4 |a DT45 .S56 1978 
100 1 |a Showker, Kay,  |e author  |9 40017 
245 1 0 |a Fodor's Egypt, 1978 /  |c Kay Showker ; edit by E. Fodor, R. C. Fisher. 
264 1 |a [New York] :   |b David Mckay Co.,   |c 1978. 
300 |a xii, 246 pages :   |b illustrations ;   |c 24 cm. 
490 0 |a Fodor's modern guides. 
651 0 |a Egypt  |v Guidebooks. 
700 1 |a Fodor, Eugene,  |d 1905-1991.  |9 30122 
700 1 |a Fisher, Robert C.,  |d 1930- 
901 |a reviewed 
942 |c BK  |2 lcc 
999 |c 15961  |d 15961